The Poole Iron Age logboat /
This text is the culmination of significant multi-disciplinary work carried out by a variety of specialists, from conservators to woodworking and boatbuilding experts, exploring the history of the Poole Iron Age logboat (today imposingly displayed in the entrance to Poole Museum in Dorset) and also...
مؤلفون آخرون: , ,
التنسيق: كتاب الكتروني
اللغة: English
منشور في:
Summertown, Oxford :
Archaeopress Publishing Ltd,
2019.
الموضوعات:
الوصول للمادة أونلاين: Login to view Source
الوسوم: إضافة وسم
رقم الطلب: GN585
| LEADER | 01963nam a2200409 i 4500 | ||
|---|---|---|---|
| 001 | EDZ0002020432 | ||
| 003 | StDuBDS | ||
| 005 | 20230412182438.0 | ||
| 006 | m|||||o||d|||||||| | ||
| 007 | cr ||||||||||| | ||
| 008 | 190228s2019 enka fob 001|0|eng|d | ||
| 020 | |a 9781789691450 (ebook) : |c No price | ||
| 040 | |a StDuBDS |b eng |c StDuBDS |e rda |e pn | ||
| 050 | 4 | |a GN585 | |
| 082 | 0 | 4 | |a 623.821 |2 23 |
| 245 | 0 | 4 | |a The Poole Iron Age logboat / |c edited by Jessica Berry, David Parham and Catrina Appleby. |
| 264 | 1 | |a Summertown, Oxford : |b Archaeopress Publishing Ltd, |c 2019. | |
| 300 | |a 1 online resource (x, 122 pages) : |b illustrations (black and white, and colour) | ||
| 336 | |a text |2 rdacontent | ||
| 336 | |a still image |2 rdacontent | ||
| 337 | |a computer |2 rdamedia | ||
| 338 | |a online resource |2 rdacarrier | ||
| 500 | |a Also issued in print: 2019. | ||
| 504 | |a Includes bibliographical references and index. | ||
| 520 | 8 | |a This text is the culmination of significant multi-disciplinary work carried out by a variety of specialists, from conservators to woodworking and boatbuilding experts, exploring the history of the Poole Iron Age logboat (today imposingly displayed in the entrance to Poole Museum in Dorset) and also its functionality - or lack of - as a vessel. | |
| 521 | |a Specialized. | ||
| 588 | |a Description based on online resource; title from home page (viewed on May 29, 2019). | ||
| 650 | 0 | |a Dugout canoes |z England |z Poole (Dorset) |x History |y To 1500. | |
| 651 | 0 | |a Poole (Dorset, England) |x Antiquities. | |
| 700 | 1 | |a Berry, Jessica, |e editor. | |
| 700 | 1 | |a Parham, David, |e editor. | |
| 700 | 1 | |a Appleby, C. A. |q (Catrina A.), |e editor. | |
| 776 | 0 | 8 | |i Print version : |z 9781789691443 |
| 856 | 4 | 0 | |3 Archaeopress |u http://library.arce.org:8087/Archaeopress/Products/9781789691443 |
| 942 | |2 lcc |c EBOOK | ||
| 952 | |0 0 |1 0 |4 0 |6 GN0585 |7 1 |9 46521 |a ARCH |b ARCH |d 2023-04-12 |l 0 |o GN585 |r 2023-04-12 00:00:00 |w 2023-04-12 |y EBOOK | ||
| 999 | |c 52179 |d 52179 | ||
